Word Ladder: Zits and Pimples Quiz Stats

 Plays Quiz Updated Jun 9, 2012

Support Sporcle.
Go Orange.
Score 0/40 Timer 04:00
0 Plays Today
Clue Answer % Correct
☻Skin opening that may become blocked☻PORE
94.8%
Babe or Miss Piggy on a dinner platePORK
94.3%
Upright post on a shipMAST
89.8%
LeBlanc or DamonMATT
89.5%
Ice-hockey player's focusPUCK
89%
☻Face ____, beauty treatment or facial☻MASK
87.5%
Shut a door with forceSLAM
87.3%
Wet dirtMUCK
85.2%
ScentMUSK
83.6%
☻Remnant of pimple picking☻POCK
82.5%
Opening on a gambling machineSLOT
79.6%
☻Where zits and pimples happen☻SKIN
77.3%
☻Permanent blemish, such as [Rung 3]☻SCAR
76.6%
SI unit of powerWATT
76.5%
Strip of woodSLAT
74.7%
LingerWAIT
73.7%
SwindleSCAM
72%
Luxurious resortsSPAS
71.7%
Took legal action againstSUED
71.1%
☻Salicylic ____, ingredient in [Rung 40] medication☻ACID
70.8%
Clue Answer % Correct
☻Blemish☻SPOT
70.2%
ArgumentSPAT
68.8%
Extremely dryARID
68%
☻Name for disease associated with zits and pimples☻ACNE
67.8%
Runners made for traversing snowSKIS
67.7%
Received an A gradeACED
66%
Moved at great velocitySPED
63.1%
Sense aurallyHEAR
62.3%
CharSEAR
61.6%
Mimicked APED
57.4%
Sings in a particular genre of musicSKAS
56.2%
ColoredHUED
55.2%
☻Black- or white-HEAD
48.5%
ConsiderHEED
43.2%
Farm wagonWAIN
34.7%
BlessSAIN
33.3%
____ Duncan, current US Secretary of EducationARNE
30.3%
Seed coatingARIL
24.6%
____ Sea, rapidly shrinking Asian lakeARAL
21.9%
Underworld spirits in Greek mythologyARAE
14.8%

Today's Daily Dose

You're not logged in!

Compare scores with friends on all Sporcle quizzes.
OR
Log In

From the Vault

MLB Most Seasons with 20+ HR

by jaysee

Hmmm, that's odd. It seems the number spiked somewhat in the late '90s. Wonder what might have been going on then.
Remove Ads.
Support Sporcle.
Get the best of Sporcle when you Go Orange. This ad-free experience offers more features, more stats, and more fun while also helping to support Sporcle. Thank you for becoming a member.

Show Comments

Extras

Top Quizzes Today


Score Distribution

Your Account Isn't Verified!

In order to create a playlist on Sporcle, you need to verify the email address you used during registration. Go to your Sporcle Settings to finish the process.

Report this User

Report this user for behavior that violates our Community Guidelines.

Details: